000 00338nam a22001457a 4500
008 210303b ||||| |||| 00| 0 eng d
020 _a9780323094191
041 _aeng
080 _23rd
_a611
082 _a611
100 _a6
101 _aANA
245 _aSectional Anatomy for Imaging Professionals
_cKelley, L.L
942 _2udc
_cBK
999 _c55676
_d55676